[Event "Mecklenburg VP-ch Seniors op 07th"]
[Site "Plau am See"]
[Date "2007.10.06"]
[Round "3"]
[White "Peleikis, Horst"]
[Black "Banfelder, Herbert"]
[Result "1-0"]
[WhiteElo "1939"]
[BlackElo "1712"]
[PlyCount "89"]
[EventDate "2007.10.04"]
[EventType "swiss"]
[EventRounds "9"]
[EventCountry "GER"]
[SourceTitle "EXT 2022"]
[Source "ChessBase"]
[SourceDate "2021.10.06"]
[SourceVersion "1"]
[SourceVersionDate "2021.10.06"]
[SourceQuality "1"]

1. e4 c6 2. d4 d5 3. Nc3 dxe4 4. Nxe4 Bf5 5. Ng3 Bg6 6. Nf3 e6 7. h4 h6 8. h5 Bh7 9. Bd3 Bxd3 10. Qxd3 Nd7 11. Bf4 Ngf6 12. 0-0-0 Nd5 13. Bd2 Bd6 14. Ne4 Bc7 15. c4 N5f6 16. Bb4 Nxe4 17. Qxe4 Nf6 18. Qe2 Bd6 19. Bc3 0-0 20. Ne5 Qc7 21. Kb1 Rad8 22. f4 Rfe8 23. g4 Bxe5 24. dxe5 Rxd1+ 25. Rxd1 Nh7 26. Rd6 Nf8 27. g5 hxg5 28. fxg5 c5 29. Qd3 b6 30. g6 fxg6 31. hxg6 Qb7 32. a3 Qh1+ 33. Ka2 Qh5 34. Qe4 Qxg6 35. Qc6 Qf7 36. Rd1 g5 37. Rg1 Nh7 38. Bd2 Kf8 39. Rg3 Qe7 40. Qe4 Kg7 41. Rh3 Rh8 42. Rh5 Qf7 43. Qh1 Qg8 44. Bxg5 Kg6 45. Bf6 1-0

[Event "Mecklenburg VP-ch Seniors op 07th"]
[Site "Plau am See"]
[Date "2007.10.04"]
[Round "1"]
[White "Pape, Manfred"]
[Black "Banfelder, Herbert"]
[Result "1-0"]
[WhiteElo "2138"]
[BlackElo "1712"]
[PlyCount "113"]
[EventDate "2007.10.04"]
[EventType "swiss"]
[EventRounds "9"]
[EventCountry "GER"]
[SourceTitle "EXT 2022"]
[Source "ChessBase"]
[SourceDate "2021.10.06"]
[SourceVersion "1"]
[SourceVersionDate "2021.10.06"]
[SourceQuality "1"]

1. d4 Nf6 2. Nf3 g6 3. c4 Bg7 4. Nc3 d5 5. cxd5 Nxd5 6. e4 Nxc3 7. bxc3 0-0 8. Be2 c5 9. 0-0 Qa5 10. Qb3 Nc6 11. Rd1 cxd4 12. cxd4 e6 13. Rb1 a6 14. Bf4 b5 15. d5 exd5 16. exd5 Nd8 17. Rdc1 Qb6 18. a4 Bd7 19. Bc7 Qa7 20. axb5 axb5 21. Be5 Qa4 22. Qb2 f6 23. Bd4 Qa6 24. Rc7 Be8 25. Rcc1 Qb7 26. Nd2 Rf7 27. Bf3 Rc8 28. Ra1 Ra8 29. Ne4 Rxa1 30. Rxa1 Qb8 31. Nxf6+ Bxf6 32. Bxf6 Rd7 33. Be5 Qb6 34. Bd4 Qb8 35. Rb1 Re7 36. Qb4 Rd7 37. Qxb5 Qxb5 38. Rxb5 Bf7 39. g3 Kf8 40. Bf6 Ke8 41. Kg2 Nb7 42. g4 h6 43. h4 h5 44. gxh5 gxh5 45. Kg3 Bg6 46. Kf4 Kf7 47. Ke5 Nd6 48. Rc5 Nb7 49. Rc6 Na5 50. Rc3 Nb7 51. Bg5 Nd6 52. Rc6 Nb5 53. d6 Na7 54. Rc5 Kg7 55. Be7 Kf7 56. Bd5+ Ke8 57. Kf6 1-0

[Event "Niedersachsen-ch Seniors op 10th"]
[Site "Bad Bevensen"]
[Date "2007.07.08"]
[Round "6"]
[White "Gruebling, Karl Heinz"]
[Black "Banfelder, Herbert"]
[Result "0-1"]
[WhiteElo "1616"]
[BlackElo "1756"]
[PlyCount "64"]
[EventDate "2007.07.03"]
[EventType "swiss"]
[EventRounds "9"]
[EventCountry "GER"]
[SourceTitle "EXT 2022"]
[Source "ChessBase"]
[SourceDate "2021.10.06"]
[SourceVersion "1"]
[SourceVersionDate "2021.10.06"]
[SourceQuality "1"]

1. d4 e5 2. dxe5 Nc6 3. Nf3 Qe7 4. Bd2 Nxe5 5. Nxe5 Qxe5 6. Bc3 Qg5 7. Nd2 Nf6 8. Nf3 Qg6 9. Qd4 Be7 10. 0-0-0 0-0 11. h4 d6 12. h5 Qg4 13. h6 Qxd4 14. Rxd4 g6 15. Nh2 c5 16. Rd3 Bf5 17. Rf3 d5 18. Bxf6 Bxf6 19. g4 Bg5+ 20. Kb1 Be4 21. Rg1 Bxf3 22. Nxf3 Bxh6 23. Ne5 Rfd8 24. e3 Bg7 25. Nd3 d4 26. Bg2 dxe3 27. fxe3 c4 28. Bxb7 Rab8 29. Nc5 Bf8 30. Ba6 Bxc5 31. Bxc4 Bxe3 32. Rf1 Rd7 0-1

[Event "Niedersachsen-ch Seniors op 10th"]
[Site "Bad Bevensen"]
[Date "2007.07.03"]
[Round "1"]
[White "Banfelder, Herbert"]
[Black "Perk, Egbert"]
[Result "1-0"]
[WhiteElo "1756"]
[BlackElo "1886"]
[PlyCount "91"]
[EventDate "2007.07.03"]
[EventType "swiss"]
[EventRounds "9"]
[EventCountry "GER"]
[SourceTitle "EXT 2022"]
[Source "ChessBase"]
[SourceDate "2021.10.06"]
[SourceVersion "1"]
[SourceVersionDate "2021.10.06"]
[SourceQuality "1"]

1. Nf3 Nf6 2. c4 e6 3. d4 d5 4. Nc3 Nbd7 5. Bd2 c6 6. e3 Bd6 7. Bd3 0-0 8. 0-0 e5 9. dxe5 Nxe5 10. Nxe5 Bxe5 11. cxd5 cxd5 12. Qc2 Bxh2+ 13. Kxh2 Ng4+ 14. Kg3 f5 15. f4 Be6 16. Ne2 Qf6 17. Rh1 Qg6 18. Kf3 Rac8 19. Qa4 Nf6 20. Nd4 Bd7 21. Qxa7 Ne4 22. Bxe4 dxe4+ 23. Kf2 Bc6 24. Rhc1 Rfd8 25. Bc3 h5 26. Qc5 Bd5 27. Qe7 Rf8 28. Qh4 Qf7 29. Rh1 g6 30. Qg5 Kh7 31. Rh4 Qf6 32. Qxf6 Rxf6 33. Rah1 Bf7 34. a3 Rb6 35. g4 fxg4 36. Rxg4 Be6 37. Nxe6 Rxe6 38. Rg5 Rc4 39. Ke2 Kh6 40. Rhg1 Rec6 41. Rd1 Rc8 42. Rd7 b6 43. Rb5 R4c6 44. Re7 Rxc3 45. bxc3 Rxc3 46. Rxe4 1-0

[Event "Bayern-ch Seniors 19th"]
[Site "Schloss Schney"]
[Date "2007.06.17"]
[Round "6"]
[White "Mueller, Helmut1111"]
[Black "Banfelder, Herbert"]
[Result "1/2-1/2"]
[WhiteElo "1817"]
[BlackElo "1661"]
[PlyCount "23"]
[EventDate "2007.06.12"]
[EventType "swiss"]
[EventRounds "9"]
[EventCountry "GER"]
[SourceTitle "EXT 2008"]
[Source "ChessBase"]
[SourceDate "2007.11.25"]
[SourceVersion "1"]
[SourceVersionDate "2007.11.25"]
[SourceQuality "1"]

1. Nf3 Nf6 2. c4 c5 3. Nc3 Nc6 4. g3 d6 5. Bg2 Bd7 6. 0-0 g6 7. b3 Bg7 8. Bb2 0-0 9. e3 Rb8 10. d4 cxd4 11. exd4 a6 12. Re1 1/2-1/2

[Event "Bayern-ch Seniors 19th"]
[Site "Schloss Schney"]
[Date "2007.06.12"]
[Round "1"]
[White "Banfelder, Herbert"]
[Black "Romanow, Werner"]
[Result "1-0"]
[WhiteElo "1661"]
[BlackElo "1997"]
[PlyCount "135"]
[EventDate "2007.06.12"]
[EventType "swiss"]
[EventRounds "9"]
[EventCountry "GER"]
[SourceTitle "EXT 2008"]
[Source "ChessBase"]
[SourceDate "2007.11.25"]
[SourceVersion "1"]
[SourceVersionDate "2007.11.25"]
[SourceQuality "1"]

1. Nf3 Nf6 2. c4 c5 3. Nc3 Nc6 4. e3 d6 5. Be2 g6 6. 0-0 Bg7 7. a3 0-0 8. Qc2 Bf5 9. d3 a6 10. e4 Bg4 11. Be3 Rb8 12. Rad1 Nd7 13. Qd2 Bxf3 14. Bxf3 Re8 15. Bg4 e6 16. f4 f5 17. Bf3 Kh8 18. exf5 exf5 19. Ne2 Na5 20. Bf2 Nb3 21. Qc2 Qb6 22. Nc3 Nd4 23. Bxd4 Bxd4+ 24. Kh1 Nf6 25. h3 Re3 26. Rfe1 Rbe8 27. Rxe3 Bxe3 28. g3 Bd4 29. Kg2 Kg7 30. Rd2 h5 31. Re2 Bxc3 32. Rxe8 Nxe8 33. Qxc3+ Nf6 34. b4 cxb4 35. axb4 Qe3 36. Bxb7 h4 37. Bf3 hxg3 38. Kxg3 Qg1+ 39. Bg2 Qe3+ 40. Bf3 Qg1+ 41. Bg2 Qe3+ 42. Bf3 Kf7 43. Kg2 Ne4 44. Qc2 Nd2 45. Bd5+ Ke7 46. Qd1 Qxd3 47. Qe1+ Kf8 48. Qe6 Qf1+ 49. Kg3 Qg1+ 50. Kh4 Nf3+ 51. Bxf3 Qf2+ 52. Kg5 Qxf3 53. Qxd6+ Ke8 54. Kf6 Qb7 55. Qe6+ Kf8 56. Kxg6 Qg7+ 57. Kxf5 Qh7+ 58. Ke5 Qa7 59. c5 a5 60. Qd6+ Kg8 61. bxa5 Qg7+ 62. Kf5 Qf7+ 63. Kg5 Qb3 64. f5 Qe3+ 65. Kg6 Qg1+ 66. Kh5 Qf1 67. Qe6+ Kf8 68. f6 1-0

[Event "Bad Wildungen Seniors op 3rd"]
[Site "Bad Wildungen"]
[Date "2006.08.02"]
[Round "3"]
[White "Lueders, Guenter"]
[Black "Banfelder, Herbert"]
[Result "1-0"]
[WhiteElo "1726"]
[BlackElo "1607"]
[PlyCount "81"]
[EventDate "2006.07.31"]
[EventType "swiss"]
[EventRounds "9"]
[EventCountry "GER"]
[SourceTitle "EXT 2007"]
[Source "ChessBase"]
[SourceDate "2006.11.23"]
[SourceVersion "1"]
[SourceVersionDate "2006.11.23"]
[SourceQuality "1"]

1. d4 Nf6 2. Nf3 g6 3. Bf4 Bg7 4. h3 d5 5. e3 0-0 6. Nbd2 Nbd7 7. Be2 c5 8. c3 Qb6 9. Qc1 Re8 10. 0-0 Nh5 11. Bh2 Bf6 12. g4 e5 13. dxc5 Qxc5 14. gxh5 e4 15. Nd4 Ne5 16. hxg6 Bxh3 17. gxh7+ Kxh7 18. Kh1 Rg8 19. Rg1 Rxg1+ 20. Qxg1 Rg8 21. Bg3 Rg6 22. Nf1 Ng4 23. Bxg4 Bxg4 24. Nh2 Qc8 25. Nxg4 Rxg4 26. Kg2 Kg6 27. Kf1 Bxd4 28. exd4 Qc4+ 29. Ke1 f5 30. Qf1 Qc8 31. Kd2 f4 32. Bh2 e3+ 33. fxe3 fxe3+ 34. Kxe3 Re4+ 35. Kd2 Qh8 36. Qg2+ Kf7 37. Rf1+ Ke8 38. Qg6+ Kd7 39. Rf7+ Kc8 40. Qf5+ Kd8 41. Qd7# 1-0

[Event "Bayern-ch Seniors 18th"]
[Site "Schloss Schney"]
[Date "2006.07.03"]
[Round "9"]
[White "Narr, Irmgard"]
[Black "Banfelder, Herbert"]
[Result "1-0"]
[WhiteElo "1513"]
[BlackElo "1607"]
[PlyCount "95"]
[EventDate "2006.06.25"]
[EventType "swiss"]
[EventRounds "9"]
[EventCountry "GER"]
[SourceTitle "EXT 2007"]
[Source "ChessBase"]
[SourceDate "2006.11.23"]
[SourceVersion "1"]
[SourceVersionDate "2006.11.23"]
[SourceQuality "1"]

1. e4 c6 2. Nf3 d5 3. exd5 cxd5 4. d4 Nc6 5. Be3 Qb6 6. Qc1 Nf6 7. Bd3 Bg4 8. Ne5 Bh5 9. c3 e6 10. a4 a5 11. Nxc6 bxc6 12. Nd2 Bd6 13. Rb1 0-0 14. c4 Bb4 15. c5 Qc7 16. h3 Ne4 17. Bxe4 dxe4 18. 0-0 f5 19. Bg5 Be2 20. Re1 Bd3 21. Ra1 Qd7 22. Rd1 f4 23. Nf1 h6 24. Bxf4 Qxd4 25. Be3 Qe5 26. Ng3 Rad8 27. Nh1 Rd5 28. Bxh6 gxh6 29. Qxh6 Rf6 30. Qh4 Bxc5 31. Qg4+ Kf7 32. Qh4 e3 33. Rxd3 exf2+ 34. Kf1 Qf5 35. Rf3 Qg6 36. Rxf6+ Qxf6 37. Qh7+ Ke8 38. Qg8+ Kd7 39. Qh7+ Kd6 40. Qc2 Rf5 41. Ng3 Re5 42. Ne4+ Rxe4 43. Qxe4 Qxb2 44. Rd1+ Ke7 45. Qh7+ Ke8 46. Qd7+ Kf8 47. Qxe6 Qc2 48. Qf6+ 1-0

[Event "Bayern-ch Seniors 18th"]
[Site "Schloss Schney"]
[Date "2006.07.01"]
[Round "7"]
[White "Lueders, Guenter"]
[Black "Banfelder, Herbert"]
[Result "1-0"]
[WhiteElo "1696"]
[BlackElo "1607"]
[PlyCount "83"]
[EventDate "2006.06.25"]
[EventType "swiss"]
[EventRounds "9"]
[EventCountry "GER"]
[SourceTitle "EXT 2007"]
[Source "ChessBase"]
[SourceDate "2006.11.23"]
[SourceVersion "1"]
[SourceVersionDate "2006.11.23"]
[SourceQuality "1"]

1. d4 e5 2. dxe5 Nc6 3. Nf3 Qe7 4. Nbd2 Nxe5 5. Nxe5 Qxe5 6. c3 d5 7. Nf3 Qd6 8. e3 Nf6 9. Bd3 c5 10. 0-0 Bd7 11. b3 Be7 12. Bb2 Bc6 13. Qe2 0-0 14. Rfd1 Qc7 15. Rd2 Rad8 16. Rad1 Ne4 17. Rc2 Bf6 18. c4 Bxb2 19. cxd5 Nc3 20. Rxc3 Bxc3 21. dxc6 Qxc6 22. Qc2 Bf6 23. Bxh7+ Kh8 24. Bd3 Rd7 25. Qc4 g6 26. e4 Re8 27. Re1 Bd4 28. e5 Qd5 29. Qc1 Rde7 30. Qh6+ Kg8 31. Bxg6 Bxe5 32. Bh7+ Kh8 33. Be4+ Kg8 34. Bxd5 Bf4 35. Qg6+ Kf8 36. Qb1 Rxe1+ 37. Nxe1 Re5 38. Bxb7 Re6 39. Qd1 Bd6 40. g3 Ke7 41. Nf3 Kd7 42. Qd5 1-0

[Event "Wuerttemberg-ch Seniors 15th"]
[Site "Ellwangen"]
[Date "2003.04.18"]
[Round "8"]
[White "Drews, Karl Heinz"]
[Black "Banfelder, Herbert"]
[Result "1/2-1/2"]
[WhiteElo "1373"]
[BlackElo "1626"]
[PlyCount "42"]
[EventDate "2003.04.??"]
[EventType "swiss"]
[EventRounds "9"]
[EventCountry "GER"]
[SourceTitle "EXT 2006"]
[Source "ChessBase"]
[SourceDate "2005.11.24"]
[SourceVersion "1"]
[SourceVersionDate "2005.11.24"]
[SourceQuality "1"]

1. Nf3 Nf6 2. d4 g6 3. Nc3 d5 4. h3 Bg7 5. e3 0-0 6. Bd3 b6 7. 0-0 c5 8. b3 Bb7 9. Re1 Nbd7 10. Ba3 Rc8 11. Ne2 c4 12. bxc4 dxc4 13. Bxg6 fxg6 14. Ng5 Qe8 15. Nf4 Bd5 16. e4 Bf7 17. e5 Nd5 18. e6 Nxf4 19. exf7+ Rxf7 20. Nxf7 Qxf7 21. Rxe7 Qd5 1/2-1/2

[Event "Wuerttemberg-ch Seniors 15th"]
[Site "Ellwangen"]
[Date "2003.04.16"]
[Round "6"]
[White "Banfelder, Herbert"]
[Black "Schulz, Franz"]
[Result "0-1"]
[WhiteElo "1626"]
[BlackElo "1472"]
[PlyCount "120"]
[EventDate "2003.04.??"]
[EventType "swiss"]
[EventRounds "9"]
[EventCountry "GER"]
[SourceTitle "EXT 2006"]
[Source "ChessBase"]
[SourceDate "2005.11.24"]
[SourceVersion "1"]
[SourceVersionDate "2005.11.24"]
[SourceQuality "1"]

1. e4 g6 2. Nf3 Bg7 3. d4 d6 4. c4 e6 5. Nc3 c6 6. Be2 Ne7 7. 0-0 0-0 8. Be3 Nd7 9. Qd2 f5 10. Bh6 Kh8 11. Bxg7+ Kxg7 12. Ng5 Nf6 13. f3 Neg8 14. Rac1 Nh6 15. d5 cxd5 16. cxd5 exd5 17. Nxd5 Nxd5 18. exd5 Qf6 19. Bc4 Re8 20. Rfe1 Rxe1+ 21. Rxe1 Nf7 22. Ne6+ Bxe6 23. Rxe6 Qd8 24. Qc3+ Kg8 25. Qe3 a6 26. Re7 Ne5 27. Rxe5 dxe5 28. Qxe5 b5 29. Bb3 h5 30. Qe6+ Kh7 31. g4 hxg4 32. fxg4 Qg5 33. h3 Qc1+ 34. Kg2 Qxb2+ 35. Kg3 Qc3+ 36. Kh4 fxg4 37. hxg4 Qg7 38. d6 Rd8 39. Bc2 Qh6+ 40. Kg3 Rf8 41. Qe5 Qg7 42. Qe6 Rf6 43. Qd5 Qd7 44. Bb3 Qxd6+ 45. Qxd6 Rxd6 46. Kf4 Rf6+ 47. Kg3 Kh6 48. Kh4 g5+ 49. Kg3 Kg7 50. Bc2 Kf7 51. Bb3+ Ke7 52. Bc2 Kd6 53. Bf5 Kc5 54. Bh7 Kb4 55. Bg8 Ka3 56. Bd5 b4 57. Bb3 a5 58. Bc4 a4 59. Bd5 Rf1 60. Be6 Ra1 0-1